Art textile des mayas (Record no. 10173)

MARC details
000 -CABECERA
campo de control de longitud fija 01000nam a2200289 a 4500
001 - NÚMERO DE CONTROL
campo de control BRL_1361
005 - FECHA Y HORA DE LA ÚLTIMA TRANSACCIÓN
campo de control 20190320211152.0
008 - DATOS DE LONGITUD FIJA--INFORMACIÓN GENERAL
campo de control de longitud fija 090114s1993----fr-ao#####---#000-0#fre-#
041 ## - CÓDIGO DE LENGUA
Código de lengua del texto/banda sonora o título independiente fre
044 ## - CÓDIGO DEL PAÍS DE LA ENTIDAD EDITORA/PRODUCTORA
Código MARC del país fr
050 #4 - SIGNATURA TOPOGRÁFICA DE LA BIBLIOTECA DEL CONGRESO
Número de clasificación F1435.3
Número de documento/Ítem .C38 1993
100 1# - ENTRADA PRINCIPAL--NOMBRE DE PERSONA
Nombre de persona Cavaleri, Danielle
9 (RLIN) 26648
245 10 - MENCIÓN DE TÍTULO
Título Art textile des mayas
Resto del título mars 1993, Bibliotheque Forney, Hotel de Sens
Mención de responsabilidad, etc. Danielle Cavaleri, Nathalie Cottin.
260 ## - PUBLICACIÓN, DISTRIBUCIÓN, ETC.
Lugar de publicación, distribución, etc. [Paris]
Nombre del editor, distribuidor, etc. Meilleures Editions
Fecha de publicación, distribución, etc. [1993]
300 ## - DESCRIPCIÓN FÍSICA
Extensión 63 p.
Otras características físicas il.
Dimensiones 24 cm.
500 ## - NOTA GENERAL
Nota general ej.1 Au1564, ej.2 Au1630
500 ## - NOTA GENERAL
Nota general Incluye dedicatoria a Ruth Lechuga en el ejpmlar 1.
500 ## - NOTA GENERAL
Nota general A la cabeza de la portada ´Mairie de Paris´
500 ## - NOTA GENERAL
Nota general La biblioteca cuenta con 2 ejemplares
650 14 - PUNTO DE ACCESO ADICIONAL DE MATERIA--TÉRMINO DE MATERIA
Término de materia o nombre geográfico como elemento de entrada Mayas
Subdivisión de forma Exposición
Subdivisión general Industria textil
9 (RLIN) 26649
650 14 - PUNTO DE ACCESO ADICIONAL DE MATERIA--TÉRMINO DE MATERIA
Término de materia o nombre geográfico como elemento de entrada Mayas
Subdivisión de forma Exposición
Subdivisión general Telas
9 (RLIN) 26650
650 14 - PUNTO DE ACCESO ADICIONAL DE MATERIA--TÉRMINO DE MATERIA
Término de materia o nombre geográfico como elemento de entrada Mayas
Subdivisión de forma Exposición
Subdivisión general Indumentaria
9 (RLIN) 26651
700 1# - PUNTO DE ACCESO ADICIONAL--NOMBRE DE PERSONA
Nombre de persona Cottin, Nathalie
9 (RLIN) 26652
710 2# - PUNTO DE ACCESO ADICIONAL--NOMBRE DE ENTIDAD CORPORATIVA
Nombre de entidad corporativa o nombre de jurisdicción como elemento de entrada Bibliotheque Forney
9 (RLIN) 26653
902 ## - CATALOGADOR
Iniciales GRL
942 ## - ELEMENTOS DE PUNTO DE ACCESO ADICIONAL (KOHA)
Fuente del sistema de clasificación o colocación Library of Congress Classification
Tipo de ítem Koha Libros
Holdings
Estado de retiro Estado de pérdida Estado dañado No para préstamo Localización permanente Ubicación/localización actual Fecha de adquisición Total de préstamos Signatura topográfica completa Código de barras Fecha visto por última vez Precio válido a partir de Tipo de ítem Koha
El ejemplar forma parte de la colección y puede ser consultado según las políticas vigentes.       Biblioteca Centro de Estudios Ruth D. Lechuga Biblioteca Centro de Estudios Ruth D. Lechuga 09/01/2014   F1435.3 .C38 1993 GRL01519 22/03/2019 22/03/2019 Libros
El ejemplar forma parte de la colección y puede ser consultado según las políticas vigentes.       Biblioteca Centro de Estudios Ruth D. Lechuga Biblioteca Centro de Estudios Ruth D. Lechuga 22/12/2015   F1435.3 .C38 1993 GRL01699 22/03/2019 22/03/2019 Libros